Demographic statistics data 1960-99

Gespeichert in:
Bibliographische Detailangaben
Format: Buch
Sprache:Englisch
Veröffentlicht: Luxembourg Office for Official Publications of the European Communities 1999
Schlagworte:
Tags: Tag hinzufügen
Keine Tags, Fügen Sie das erste Tag hinzu!

MARC

LEADER 00000nam a2200000 4500
001 c123754
005 20221129095653.9
020 |a 92-828-7265-3 
041 0 |a eng 
044 |a LU 
245 1 0 |a Demographic statistics  |b data 1960-99 
264 1 |a Luxembourg  |b Office for Official Publications of the European Communities  |c 1999 
300 |a 267 s. 
610 2 0 |a štatistika demografická 
610 2 0 |a Európa 
610 2 0 |a Európska únia 
610 2 0 |a Európske spoločenstvá 
610 2 0 |a populácia 
610 2 0 |a regióny 
610 2 0 |a migrácia 
610 2 0 |a úmrtnosť 
610 2 0 |a vývoj populačný